00897nam a2200229 a 450000100100000000500170001000800410002704000250006808200170009310000550011024500970016526000400026230000270030249000410032965000260037065000410039670000330043783000500047004900090052095201210052999900170065000002420220200930022814.0110120s1967 sp r 000 0 spa d aDO-SdBNPbspacBNPHU a843.7bS825L1 aStendhal,q(Marie-Henri Beyle),d1783-1842.91422310aLuciano Leuwen /cHenri Beyle Standhal ; traducción, prólogo y notas de Consuelo Berges. aMadrid :bAlianza Editorial,c1967. a504, [24] p. ;c18 cm.1 aEl Libro de Bolsillo. Clásicosv64 4aNovela francesa91075 4aLiteratura francesaySIGLO XIX950311 aBerges, Consueloetr.913601 0aEl Libro de Bolsillo. Clásicos ;v64945775 aBNGR 001054708MOaGRbGRcCTd2011-01-20iLF1l0o843.7 S825Lp24202-10r2020-06-25w2020-06-25y4ZPréstamo en sala c23696d23696